00840nam a2200229Ia 450000500170000000800410001704000190005804100120007708200190008924500770010825000120018526000470019730000220024450400400026665000230030670000310032985000100036094200070037099900170037795201070039495201090050120230109151748.0131103s9999 xx 000 0 und d aLoreto College aEnglish a821.3bTOT-ROL aTottel's miscellany (1557 - 1587) Vol IIcedited by Hyder Edward Rollins arev.ed. aCambridge bHarvard University Pressc1965 a2 V. (ix,395 p.)  aIncludes notes and glossarial index aEnglish Literature aRollins, Hyder Edward; ed. aLCLIB cBK c13305d63784 00102ddc4070aMAINbMAINd2013-11-04l0o821.3 TOT- ROL 12746pB13332r2013-11-04w2013-11-04yBKf 00102ddc4070aMAINbMAINd2013-11-04l0o821.3 TOT - ROL 12744pB23445r2013-11-04w2013-11-04yBKf